El gallo pitagórico/ (Record no. 105905)

MARC details
000 -LEADER
campo de control de longitud fija 01474nam a2200421 i 4500
001 - NÚMERO DE CONTROL
campo de control MOR01000106232
003 - IDENTIFICADOR DE NÚMERO DE CONTROL
campo de control $$amxdfmo
005 - FECHA Y HORA DE LA ÚLTIMA TRANSACCIÓN
campo de control 20260331230908.0
008 - DATOS DE LONGITUD FIJA--INFORMACIÓN GENERAL
campo de control de longitud fija 180608c19871845gtmf g b 000 0 spa d
020 ## - NÚMERO INTERNACIONAL ESTÁNDAR DEL LIBRO
Número Internacional Estándar del Libro 9686170022
035 ## - NÚMERO DE CONTROL DEL SISTEMA
Número de control de sistema 181060
040 ## - FUENTE DE CATALOGACIÓN
Centro catalogador/agencia de origen mxcmmo
Lengua de catalogación spa
Centro/agencia transcriptor mxcmmo
Normas de descripción rda
041 0# - CÓDIGO DE IDIOMA
Código de lengua del texto/banda sonora o título independiente spa
043 ## - CÓDIGO DE ÁREA GEOGRÁFICA
Código de área geográfica n-mx---
045 ## - PERIODO DE TIEMPO DEL CONTENIDO
Código de periodo de tiempo w-w-
082 04 - NÚMERO DE LA CLASIFICACIÓN DECIMAL DEWEY
Número de clasificación 320.972004
Número de ítem MOR.g
Información de edición 1987
100 1# - ENTRADA PRINCIPAL--NOMBRE DE PERSONA
Nombre de persona Baustista Morales, Juan
Término indicativo de función/relación autor
9 (RLIN) 189176
245 13 - MENCIÓN DEL TÍTULO
Título El gallo pitagórico/
Mención de responsabilidad, etc. Juan Bautista Morales ; prólogo Carlos Monsiváis
250 ## - MENCION DE EDICION
Mención de edición Primera edición
264 #1 - PRODUCCIÓN, PUBLICACIÓN, DISTRIBUCIÓN, FABRICACIÓN Y COPYRIGHT
Producción, publicación, distribución, fabricación y copyright Guanajuato:
Nombre del de productor, editor, distribuidor, fabricante Gobierno del Estado de Guanajuato,
Fecha de producción, publicación, distribución, fabricación o copyright 1987
300 ## - DESCRIPCIÓN FÍSICA
Extensión xxviii, 280 páginas:
Otras características físicas retratos, láminas,;
Dimensiones 19 cm
336 ## - TIPO DE CONTENIDO
Término de tipo de contenido texto
Código de tipo de contenido txt
Fuente rdacontent
337 ## - TIPO DE MEDIO
Nombre/término del tipo de medio sin medio
Código del tipo de medio n
Fuente rdamedia
338 ## - TIPO DE SOPORTE
Nombre/término del tipo de soporte volumen
Código del tipo de soporte nc
Fuente rdacarrier
490 0# - MENCIÓN DE SERIE
Mención de serie Autores de Guanajuato. Ensayo
534 ## - NOTA SOBRE LA VERSIÓN ORIGINAL
Encabezamiento principal del original Facsímil de:
Mención de título del original El gallo pitagórico
Publicación, distribución, etc. del original Imprenta tipográfica y litográfica Ignacio Cumplido, 1845
541 0# - NOTA DE FUENTE DE ADQUISICIÓN DIRECTA
Fuente de adquisición Horacio Correa Gannam
Forma de adquisición Donación
651 #7 - PUNTO DE ACCESO ADICIONAL DE MATERIA--NOMBRE GEOGRÁFICO
Nombre geográfico México
Subdivisión general Política y gobierno
Subdivisión cronológica 1821-1861
9 (RLIN) 204
700 1# - ENTRADA AGREGADA--NOMBRE PERSONAL
Nombre de persona Monsiváis, Carlos
Término indicativo de función/relación prologuista
9 (RLIN) 189177
900 ## - ELEMENTOS DE DATOS A LOCAL, LDA (RLIN)
Nombre de persona CATY
Numeración 30
Títulos y otros términos asociados al nombre 20180904
Lenguaje de la obra MOR01
-- 1124
900 ## - ELEMENTOS DE DATOS A LOCAL, LDA (RLIN)
Nombre de persona CATY
Numeración 30
Títulos y otros términos asociados al nombre 20180904
Lenguaje de la obra MOR01
-- 1125
900 ## - ELEMENTOS DE DATOS A LOCAL, LDA (RLIN)
Nombre de persona KLASY
Numeración 30
Títulos y otros términos asociados al nombre 20180907
Lenguaje de la obra MOR01
-- 1245
900 ## - ELEMENTOS DE DATOS A LOCAL, LDA (RLIN)
Nombre de persona LUIS
Numeración 20
Títulos y otros términos asociados al nombre 20180608
Lenguaje de la obra MOR01
-- 1204
900 ## - ELEMENTOS DE DATOS A LOCAL, LDA (RLIN)
Nombre de persona LUIS
Numeración 20
Títulos y otros términos asociados al nombre 20180608
Lenguaje de la obra MOR01
-- 1204
900 ## - ELEMENTOS DE DATOS A LOCAL, LDA (RLIN)
Nombre de persona VOBO
Numeración 40
Títulos y otros términos asociados al nombre 20181012
Lenguaje de la obra MOR01
-- 1422
904 ## - ELEMENTOS DE DATOS D LOCAL, LDD (RLIN)
a UPDATE
942 ## - ELEMENTOS DE ENTRADA SECUNDARIOS (KOHA)
Código de la institución [OBSOLETO] BK
901 ## - ELEMENTOS DE DATOS A LOCAL LDA (RLIN)
a batch batch
Holdings
Estatus retirado Estado de pérdida Fuente del sistema de clasificación o colocación Estado de daño No para préstamo Colección Biblioteca de origen Biblioteca actual Ubicación en estantería Fecha de adquisición Fuente de adquisición Número de inventario Total de préstamos Signatura topográfica completa Código de barras Visto por última vez Precio de reemplazo Tipo de ítem Koha
    Clasificación Decimal Dewey     Fondo Horacio Correa Biblioteca Nicolas Poussin Biblioteca Nicolas Poussin Regular 04/09/2018   133794   (GH)/320.972004 MOR.g 1987 33068011393663 03/09/2024 03/09/2024 Libro préstamo regular